The measurement of intelligence / (Record no. 129273)

MARC details
000 -LEADER
campo de control de longitud fija 00525nam a2200169 i 4500
001 - NÚMERO DE CONTROL
campo de control 129273
003 - IDENTIFICADOR DE NÚMERO DE CONTROL
campo de control ES-MaACL
005 - FECHA Y HORA DE LA ÚLTIMA TRANSACCIÓN
campo de control 20230906193454.0
007 - CAMPO FIJO DE DESCRIPCIÓN FÍSICA--INFORMACIÓN GENERAL
campo de control de longitud fija t|
008 - DATOS DE LONGITUD FIJA--INFORMACIÓN GENERAL
campo de control de longitud fija 070611s1922 xxk ||||1| eng d
100 1# - ENTRADA PRINCIPAL--NOMBRE DE PERSONA
Nombre de persona Terman, Lewis M.
9 (RLIN) 109746
245 14 - MENCIÓN DEL TÍTULO
Título The measurement of intelligence /
Mención de responsabilidad, etc. by Lewis M. Terman ; with an introduction by J.J. Findlay.
260 ## - PUBLICACIÓN, DISTRIBUCIÓN, ETC.
Lugar de publicación, distribución, etc. London, etc. :
Nombre del editor, distribuidor, etc. George G. Harrap & Comp.,
Fecha de publicación, distribución, etc. [1922]
300 ## - DESCRIPCIÓN FÍSICA
Extensión XIII, 362 p. ;
Dimensiones 19 cm.
700 1# - ENTRADA AGREGADA--NOMBRE PERSONAL
Nombre de persona Findlay, J. J.
9 (RLIN) 50881
852 ## - LOCALIZACIÓN
Ubicación ES-MaACL
Número de control de estantería F-7206
Holdings
Estatus retirado Estado de pérdida Estado de daño No para préstamo Biblioteca de origen Biblioteca actual Ubicación en estantería Fecha de adquisición Fuente de adquisición Total de préstamos Signatura topográfica completa Código de barras Visto por última vez Precio de reemplazo Tipo de ítem Koha
        Biblioteca del Ateneo de Madrid Biblioteca del Ateneo de Madrid Depósito 2 17/01/2008     F-7206 1134622 23/02/2023 23/02/2023 Libro impreso